banner koha

Um so controle para dois serios problemas [cafe, bicho mineiro, ferrugem, Disyton, Bayleton, Hemileia vastatrix, Perileucoptera coffeella] (Registro n. 122514)

MARC details
000 -LÍDER
campo de controle de tamanho fixo 00949nas a2200277 4500
001 - NÚMERO DE CONTROLE
campo de controle BR8801183
003 - IDENTIFICADOR DO NÚMERO DE CONTROLE
campo de controle BR-BrBNA
005 - DATA E HORÁRIO DA ÚLTIMA TRANSAÇÃO
campo de controle 20231205091049.0
007 - CAMPO FIXO DE DESCRIÇÃO FÍSICA--INFORMAÇÃO GERAL
campo de controle de tamanho fixo ta
008 - CAMPO DE DADOS FIXOS--INFORMAÇÃO GERAL
campo de controle de tamanho fixo 230509b bl.|||p| |||| 00| 00por d
040 ## - FONTE DA CATALOGAÇÃO
Instituição da catalogação original BR-BrBNA
Idioma da catalogação por
Instituição que transcreveu o registro Biblioteca Nacional de Agricultura
041 ## - CÓDIGO DE IDIOMA
Código do idioma do texto/trilha sonora ou título diferente (Pt)
072 ## - CÓDIGO DE CATEGORIA DE ASSUNTO
Código de Categoria de Assunto H10; H20
110 1# - ENTRADA PRINCIPAL--NOME CORPORATIVO
Nome corporativo ou nome da jurisdição Bayer do Brasil S.A., Sao Paulo, SP (Brasil). Secao Assistencia Tecnica
245 1# - TÍTULO
Título Um so controle para dois serios problemas [cafe, bicho mineiro, ferrugem, Disyton, Bayleton, Hemileia vastatrix, Perileucoptera coffeella]
246 1# - FORMA VARIANTE DO TÍTULO
Título/título abreviado [One only control for two serious problems]
650 ## - ASSUNTO--TERMO TÓPICO
Cabeçalho tópico ou nome geográfico CAFE
650 ## - ASSUNTO--TERMO TÓPICO
Cabeçalho tópico ou nome geográfico BICHO MINEIRO
650 ## - ASSUNTO--TERMO TÓPICO
Cabeçalho tópico ou nome geográfico FERRUGEM
650 ## - ASSUNTO--TERMO TÓPICO
Cabeçalho tópico ou nome geográfico CONTROLE QUIMICO
650 ## - ASSUNTO--TERMO TÓPICO
Cabeçalho tópico ou nome geográfico INSETICIDA
650 ## - ASSUNTO--TERMO TÓPICO
Cabeçalho tópico ou nome geográfico FUNGICIDA SISTEMICO
773 0# - ENTRADA ANALÍTICA
Título Correio Agricola (Brazil)
ISSN - International Standard Serial Number ISSN 0100-3909
Partes relacionadas (1987), no. 3 p. 9-11
Número de controle do registro BR8801183
909 ## -
-- 202311
-- Lúcia
-- 55
-- Lúcia Elande
942 ## - ELEMENTOS DE ENTRADA ADICIONADOS (KOHA)
Fonte da classificação ou esquema de arquivamento na estante Classificação AGRIS
Ocultar no OPAC Não
Tipo de material Koha Analítica
Exemplares
Situação do descarte Fonte da classificação ou esquema de arquivamento na estante Situação física Não pode ser emprestado Biblioteca de origem Biblioteca atual Localização na estante Enumeração do periódico / cronologia Total de empréstimos Data de último acesso Número do exemplar Tipo de material Koha Fonte de aquisição
  Classificação AGRIS   Consulta local Biblioteca Nacional de Agricultura - Binagri Biblioteca Nacional de Agricultura - Binagri   (1987), no. 3 p. 9-11   29/11/2023 01 Periódicos Portaria Interministerial nº 164/94

BINAGRI

Telefone: (61)3218-2567/2388/3357/2097 - binagri@agro.gov.br

Ministério da Agricultura e Pecuária , Esplanada dos Ministérios, Bloco D, Anexo B, Brasília/DF, CEP: 70.043-900